|
|
|
|
| LEADER |
00000cam a2200000 7i4500 |
| 001 |
0000004618 |
| 002 |
000004980 |
| 005 |
.0 |
| 020 |
|
|
|a 0813375908
|
| 090 |
0 |
0 |
|a 320.95691
|b HIN
|
| 100 |
1 |
|
|a Hinnebusch, Raymond A
|
| 245 |
1 |
0 |
|a Authoritarian power and state formation in Bathist Syria :
|b army,party and peasant
|c Raymond A.Hinnebusch
|
| 260 |
|
|
|a Boulder,San Francisco :
|b Westview Press ,
|c 1990
|
| 300 |
|
|
|a 350 p. ;
|c 23 cm.
|
| 650 |
0 |
0 |
|a Political socialization
|z Syria
|
| 650 |
0 |
0 |
|a Power (Social science)
|
| 650 |
0 |
0 |
|a Syria
|x Politics and goverment
|
| 999 |
|
|
|a 037423
|b BUKU
|c PINJAMAN
|e PERPUSTAKAAN KOMUNITI PETALING JAYA
|
| 999 |
|
|
|a 037424
|b BUKU
|c PINJAMAN
|e PERPUSTAKAAN KOMUNITI PETALING JAYA
|